Normal view
MARC view
Entry Personal Name
001 - CONTROL NUMBER
- control field: 8462
003 - CONTROL NUMBER IDENTIFIER
- control field: OSt
005 - DATE AND TIME OF LATEST TRANSACTION
- control field: 20211105133011.0
008 - FIXED-LENGTH DATA ELEMENTS
- fixed length control field: 211105|| aca||aabn | a|a d
040 ## - CATALOGING SOURCE
- Original cataloging agency: OSt
- Transcribing agency: OSt
100 ## - HEADING--PERSONAL NAME
- Personal name: Reasenberg, R. O., ed
670 ## - SOURCE DATA FOUND
- Source citation: Work cat.: (OSt): Open Meetings of Workshop Groups of the Sixteenth Plenary Meeting of COSPAR 16th Constance, Germany 1973 8460, Space research XIV, 1974